[Event "CZE-chT2c 9596"]
[Site "CZE"]
[Date "1996.??.??"]
[Round "3"]
[White "Mudrak, Josef"]
[Black "Dobes, Ludek"]
[Result "1-0"]
[WhiteElo "2315"]
[BlackElo "2145"]

1.c4 Nf6 2.Nc3 g6 3.e4 d6 4.d4 Bg7 5.Nf3 O-O 6.Be2 e5 7.O-O Nc6 8.d5 Ne7
9.Ne1 Nd7 10.Be3 f5 11.f3 Nf6 12.c5 f4 13.Bf2 g5 14.Rc1 Ne8 15.Nb5 dxc5 16.Bxc5 a6
17.Nxc7 Qxc7 18.d6 Nxd6 19.Bxd6 Qb6+ 20.Bc5 Qf6 21.Qb3+ Kh8 22.Rd1 Nc6 23.Nc2 Rf7
24.Rd6 Bf8 25.Rxf6 Bxc5+ 26.Kh1 Rxf6 27.Qc3 Bb6 28.Bc4 g4 29.Bd5 Nd4 30.Nxd4 Bxd4
31.Qc7 Rg6 32.Qd8+ Kg7 33.Rc1 Bb6 34.Qe7+ Kh6 35.Bf7 gxf3 36.gxf3 Be3 37.Bxg6 Bxc1
38.Qxh7+ Kg5 39.h4+  1-0

[Event "CZE-chT2c 9596"]
[Site "CZE"]
[Date "1996.??.??"]
[Round "7"]
[White "Mudrak, Josef"]
[Black "Nedela, Vlastimil"]
[Result "1-0"]
[WhiteElo "2315"]
[BlackElo "2435"]

1.c4 g6 2.Nc3 Bg7 3.d4 d6 4.e4 Nf6 5.Nf3 O-O 6.Be2 e5 7.O-O Nc6 8.d5 Ne7
9.Ne1 Ne8 10.Be3 f5 11.f3 c5 12.Rb1 f4 13.Bf2 h5 14.b4 b6 15.bxc5 bxc5 16.Nd3 Rf7
17.Nxc5 dxc5 18.Bxc5 g5 19.Bf2 Ng6 20.c5 Kh8 21.Bc4 Rf6 22.d6 Bd7 23.Nd5 Rf8
24.Nb4 Rc8 25.Ba6 g4 26.Bxc8 Bxc8 27.Rb3 Rf7 28.Qd5 Kg8 29.Qa8 g3 30.hxg3 fxg3
31.Bxg3 h4 32.Bh2 Rf8 33.Nc6 Qd7 34.Ne7+ Nxe7 35.dxe7 Rf7 36.Rb8 Qd3  1-0

[Event "DEN-chT 9697"]
[Site "?"]
[Date "1996.??.??"]
[Round "2"]
[White "Schandorff, Lars"]
[Black "Borge, Nikolaj"]
[Result "1/2-1/2"]
[WhiteElo "2495"]
[BlackElo "2455"]

1.d4 Nf6 2.Nf3 g6 3.c4 Bg7 4.Nc3 d6 5.e4 O-O 6.Be2 e5 7.O-O Nc6 8.d5 Ne7
9.Ne1 Nd7 10.Be3 f5 11.f3 f4 12.Bf2 g5 13.a4 a6 14.a5 Qe8 15.Kh1 Rf6 16.Nd3 Rh6
17.Rc1 Nf6 18.c5 Qg6 19.b4 g4 20.fxg4 Bxg4 21.Bf3 Kh8 22.Ne1 Bd7 23.Qe2 Ng4
24.Bxg4 Bxg4 25.Nf3 Rg8 26.Bg1 Bf6 27.Rb1 Bh4 28.b5 Bg3 29.Qd2 axb5 30.Rxb5 Qh5
31.Rxb7 Bxf3 32.gxf3 Be1 33.Qc2 Bxc3 34.cxd6 cxd6 35.Rxe7 Bxa5 36.Rb7 Rhg6
37.Qe2 Qh3 38.Rb2 Bc3 39.Rc2 Bb4 40.Rb2 Ba5 41.Ra2 Bd8 42.Rc2 Qd7 43.Rfc1 Qg7
44.Qf1 Qd7 45.Qe2 h5 46.Qc4 Qh3 47.Qe2 h4 48.Rf1 Qd7 49.Qa6 h3 50.Bf2 Bf6
51.Qc6 Qg7 52.Qc7 Qh6 53.Qd7 Qh5 54.Bb6 Rg2 55.Rc8 Rxc8 56.Qxc8+ Rg8 57.Qe6 Qh4
58.Bf2 Qh6 59.Rc1 Kh7 60.Rc7+ Rg7 61.Qf5+ Kh8 62.Rc8+ Rg8 63.Rxg8+ Kxg8 64.Qe6+ Kh7
65.Qf5+ Kg7 66.Qg4+ Kf8 67.Qc8+ Kf7 68.Qe6+ Kg6 69.Qg4+  1/2-1/2

[Event "DEN-chT9596"]
[Site "DEN"]
[Date "1996.??.??"]
[Round "5"]
[White "Auchenberg, Per"]
[Black "Lilja, Richard"]
[Result "0-1"]
[WhiteElo "2215"]
[BlackElo "2140"]

1.d4 Nf6 2.Nf3 g6 3.c4 Bg7 4.Nc3 O-O 5.e4 d6 6.Be2 e5 7.O-O Nc6 8.d5 Ne7
9.Ne1 Nd7 10.Be3 f5 11.f3 f4 12.Bf2 g5 13.Rc1 Rf6 14.Nd3 Rh6 15.Re1 Qe8 16.h3 a6
17.c5 Ng6 18.b4 Nh4 19.Bf1 Nf6 20.Bxh4 Rxh4 21.Kf2 Nh5 22.Ke2 g4 23.hxg4 Rxg4
24.Kd2 Rg6 25.Rc2 Bd7 26.Rb2 Ng3 27.Kc1 Bf8 28.Qb3 Kh8 29.cxd6 cxd6 30.Kb1 Be7
31.Rc2 Bd8 32.Nb2 b5 33.Bd3 a5 34.bxa5 Bxa5 35.Rec1 Rb8 36.Ncd1 Bb6 37.Qb4 Bc5
38.Qb3 Ra8 39.Rc3 b4 40.R3c2 Ra3 41.Qc4 Qa8 42.Rd2 Qa5 43.Rdc2 Rg8 44.Be2 Rb8
45.Rd2 Bb5 46.Qxb5 Rxb5 47.Nc4 Qa6  0-1

[Event "DEN-chT9596"]
[Site "DEN"]
[Date "1996.??.??"]
[Round "6"]
[White "Auchenberg, Per"]
[Black "Jensen, Jacob Bjerre"]
[Result "1-0"]
[WhiteElo "2215"]
[BlackElo "2220"]

1.c4 g6 2.d4 Nf6 3.Nc3 Bg7 4.e4 d6 5.Nf3 O-O 6.Be2 e5 7.O-O Nc6 8.d5 Ne7
9.Ne1 Nd7 10.Be3 f5 11.f3 f4 12.Bf2 g5 13.Rc1 Ng6 14.c5 Nxc5 15.b4 Nd7 16.Nb5 Nf6
17.Nxc7 g4 18.fxg4 Nxe4 19.Nxa8 Nxf2 20.Rxf2 e4 21.Nc7 f3 22.gxf3 Bh6 23.Ng2 Rf7
24.Ne6  1-0

[Event "Dresden op"]
[Site "Dresden"]
[Date "1996.??.??"]
[Round "3"]
[White "Chekhov, Valery A"]
[Black "Solinski, Mirko"]
[Result "1-0"]
[WhiteElo "2535"]
[BlackElo "2220"]

1.d4 Nf6 2.c4 g6 3.Nc3 Bg7 4.e4 d6 5.Be2 O-O 6.Nf3 e5 7.O-O Nc6 8.Be3 Ng4
9.Bg5 f6 10.Bh4 exd4 11.Nxd4 Nxd4 12.Qxd4 Ne5 13.f4 Nc6 14.Qd2 Ne7 15.Rad1 Be6
16.b3 Qe8 17.Bf3 Qc8 18.h3 Kh8 19.Rfe1 Ng8 20.Bf2 f5 21.Bd4 Nf6 22.exf5 Bxf5
23.Re7 Re8 24.Rxg7 Kxg7 25.Nd5 Kf7 26.Nxf6 Re7 27.Nxh7 c6 28.Ng5+ Kg8 29.Bb2  1-0

[Event "Dresden op"]
[Site "Dresden"]
[Date "1996.??.??"]
[Round "7"]
[White "Chuchelov, Vladimir"]
[Black "Iordachescu, Viorel"]
[Result "1/2-1/2"]
[WhiteElo "2490"]
[BlackElo "2460"]

1.Nf3 Nf6 2.d4 g6 3.c4 Bg7 4.Nc3 O-O 5.e4 d6 6.Be2 e5 7.O-O Nc6 8.d5 Ne7
9.b4 Nh5 10.Re1 Nf4 11.Bf1 h6 12.Nd2 c6 13.Nb3 cxd5 14.exd5 Nh5 15.c5 Nf6
16.Bc4 a6 17.a4 Re8 18.a5 e4 19.Ra2 Nf5 20.Na4 h5 21.Nb6 Rb8 22.Bg5 Bh6 23.Bxh6 Nxh6
24.Qc1 Nf5 25.Rc2 Kg7 26.c6 bxc6 27.dxc6 Rxb6 28.axb6 Qxb6 29.Qb2 Qxb4 30.Nd2 Qa5
31.Ra1 Qc7 32.Bxa6 Bxa6 33.Rxa6 d5 34.Nf1 d4 35.Qb7 Re7 36.Qxc7 Rxc7 37.Nd2 Kf8
38.Nb3 Ke7 39.Rc4 d3 40.Nd4 Nd6 41.Rc5 Nd7 42.Rd5 Nb8 43.Rb6 d2 44.Nb3 Rxc6
45.Rxc6 Nxc6 46.Rxd2 Ne5 47.Nc5 Nd7 48.Nxd7 Kxd7 49.Kf1 Ke6 50.Ke2 Ke5 51.Ra2 Nf5
52.Ra5+ Ke6 53.g3 Kf6 54.h3 Ke6 55.Rc5 Kd6 56.Ra5 Ke6 57.Ra7 Kf6 58.Rd7 Ke6
59.Rc7 Kf6 60.Ra7 Ke6 61.Ra5 Nd6 62.f3 exf3+ 63.Kxf3 Kf6 64.Kf4 Kg7 65.Ra6 Nf5
66.Rb6 Nd4 67.Ke5 Nf3+ 68.Kd5 Ng5 69.h4 Ne6 70.Ke5 Nc5 71.Rc6 Ne6 72.Rc3 Nf8
73.Kd6 Ne6 74.Rd3 Kf8  1/2-1/2

[Event "Dresden op"]
[Site "Dresden"]
[Date "1996.??.??"]
[Round "9"]
[White "Chekhov, Valery A"]
[Black "Iordachescu, Viorel"]
[Result "1/2-1/2"]
[WhiteElo "2535"]
[BlackElo "2460"]

1.d4 Nf6 2.c4 g6 3.Nc3 Bg7 4.e4 d6 5.Be2 O-O 6.Nf3 e5 7.O-O Nc6 8.dxe5 dxe5
9.Bg5 Qxd1 10.Rfxd1 Bg4 11.Rd3 a6 12.h3 Bxf3 13.Bxf3 Nd4 14.Nd5 Nxd5 15.cxd5 h6
16.Be3 c5 17.dxc6 Nxc6 18.Bb6 Nd4 19.Rc1 Rfc8 20.Rdc3 Rxc3 21.Rxc3 Bf6 22.Bg4 Nb5
23.Rd3 Nd4 24.Kf1 h5 25.Bd7 Bd8 26.Bxd4 exd4 27.Rxd4 Bf6 28.Rb4 b5 29.Ke1 Rd8
30.Bc6 Rc8 31.Bb7 Rc2 32.Bxa6 Bxb2 33.Rxb5 Bc3+ 34.Kf1 Bd4 35.Rd5 Rxf2+ 36.Ke1  1/2-1/2

[Event "Asia-ch"]
[Site "Dubai"]
[Date "1996.??.??"]
[Round "?"]
[White "Murugan, Krishnamoorthy"]
[Black "Zaw Winlay"]
[Result "1/2-1/2"]
[WhiteElo "2410"]
[BlackElo "2230"]

1.d4 Nf6 2.c4 g6 3.Nc3 Bg7 4.e4 d6 5.Nf3 O-O 6.Be2 e5 7.O-O Nc6 8.d5 Ne7
9.Ne1 Nd7 10.Be3 f5 11.f3 f4 12.Bf2 g5 13.g4 Ng6 14.b4 Nf6 15.c5 h5 16.h3 Kf7
17.Nd3 Rh8 18.Kg2 hxg4 19.hxg4 Bf8 20.Rh1 Rxh1 21.Kxh1 a6 22.Kg2 Bd7 23.Qb3 Kg7
24.Rc1 Be7 25.cxd6 cxd6 26.Na4 Rc8 27.Rxc8 Bxc8 28.Nb6 Bxg4 29.fxg4 Nxe4
30.b5 f3+ 31.Bxf3 Nxf2 32.Nxf2 Nf4+ 33.Kg3 Qxb6 34.bxa6 Qxb3 35.axb3 bxa6
36.Be4 Ne2+ 37.Kg2 Nc3  1/2-1/2

[Event "Asia-ch"]
[Site "Dubai"]
[Date "1996.??.??"]
[Round "?"]
[White "Hakki, Imad"]
[Black "Aryanejad, Hossein"]
[Result "1-0"]
[WhiteElo "2365"]
[BlackElo "2340"]

1.Nf3 Nf6 2.c4 g6 3.Nc3 Bg7 4.e4 d6 5.d4 O-O 6.Be2 e5 7.O-O Nc6 8.d5 Ne7
9.Nd2 c5 10.dxc6 bxc6 11.Nb3 Be6 12.f4 Ne8 13.Kh1 Qc7 14.fxe5 dxe5 15.Be3 Rd8
16.Qc2 f5 17.Nc5 Bc8 18.Rad1 Nf6 19.Bg1 Kh8 20.b4 fxe4 21.N3xe4 Nxe4 22.Nxe4 Rxf1
23.Rxf1 Bf5 24.Bf3 a5 25.a3 axb4 26.axb4 Qb7 27.Bc5 Nd5 28.Qd2 Qc7 29.cxd5 cxd5
30.Rd1 Rd7 31.Qa2 Qb8 32.Ng3 e4 33.Be2 Be5 34.Bb5 Bxg3  1-0

[Event "Asia-ch"]
[Site "Dubai"]
[Date "1996.??.??"]
[Round "?"]
[White "Gunawan, Johan"]
[Black "Temirbaev, Serik"]
[Result "1-0"]
[WhiteElo "2320"]
[BlackElo "2495"]

1.d4 Nf6 2.Nf3 g6 3.c4 Bg7 4.Nc3 O-O 5.e4 d6 6.Be2 e5 7.O-O Nc6 8.d5 Ne7
9.b4 h6 10.Re1 Ne8 11.c5 f5 12.Nd2 Nf6 13.a4 f4 14.Nc4 g5 15.cxd6 cxd6 16.f3 Ng6
17.b5 Rf7 18.Ba3 Bf8 19.Ra2 h5 20.Bf1 g4 21.a5 Rg7 22.Kh1 Nh8 23.a6 b6 24.Rc2 Nf7
25.Na2 h4 26.Nb4 Nh5 27.fxg4 Ng3+ 28.Kg1 Bxg4 29.Qd3 Nh5 30.Be2 Qg5 31.Nd2 h3
32.Bxg4 Qxg4 33.Nf3 Nf6 34.Ree2 Qh5 35.Rc7 Rg6 36.Nc2 hxg2 37.Nce1 Ng4 38.Rxg2 Ne3
39.Rxg6+ Qxg6+ 40.Kh1 Nh6 41.Nh4 Qh5 42.Nef3 Nhg4 43.Qe2 Nf6 44.Bc1 Qg4 45.Bxe3 fxe3
46.Qxe3 Nxe4 47.Rc2 Ng3+ 48.hxg3 Bg7 49.Qg5 Qh3+ 50.Kg1  1-0

[Event "Nord Cup 2nd"]
[Site "Duesseldorf"]
[Date "1996.??.??"]
[Round "7"]
[White "Schlecht, Daniel"]
[Black "Vogel, Christian"]
[Result "1-0"]
[WhiteElo "2220"]
[BlackElo "1995"]

1.d4 Nf6 2.c4 g6 3.Nc3 Bg7 4.e4 d6 5.Nf3 O-O 6.Be2 e5 7.O-O Nc6 8.d5 Ne7
9.Nd2 a5 10.a3 Nd7 11.Rb1 f5 12.b4 Kh8 13.f3 f4 14.Qc2 g5 15.Nb5 Nf6 16.c5 axb4
17.axb4 Ne8 18.Bb2 Ng6 19.Ra1 Rxa1 20.Rxa1 Bd7 21.Rc1 h5 22.cxd6 Bxb5 23.Bxb5 cxd6
24.Bxe8 Rxe8 25.Qc7 Qe7 26.b5 Qxc7 27.Rxc7 Re7 28.Rc8+ Kh7 29.Nc4 Rd7 30.b6 Ne7
31.Rb8 Ng6 32.Na5 Bf6 33.Rxb7 Nf8 34.Rxd7+ Nxd7 35.b7 Bd8 36.Nc6 Bc7 37.Bc3  1-0

[Event "RUS-ch"]
[Site "Elista"]
[Date "1996.??.??"]
[Round "11"]
[White "Ulibin, Mikhail"]
[Black "Galkin, Alexander"]
[Result "1/2-1/2"]
[WhiteElo "2550"]
[BlackElo "2425"]

1.d4 Nf6 2.c4 g6 3.Nc3 Bg7 4.e4 d6 5.Nf3 O-O 6.Be2 e5 7.O-O Nc6 8.d5 Ne7
9.Nd2 a5 10.a3 Bd7 11.b3 c6 12.Bb2 c5 13.Nb5 Ne8 14.b4 axb4 15.axb4 Rxa1
16.Qxa1 Bh6 17.Nxd6 Nxd6 18.bxc5 Bxd2 19.cxd6 Nc8 20.c5 f6 21.Ba3 Qa5 22.Qb2 b5
23.c6 Bc3 24.Qb3 b4 25.Bc1 Nxd6 26.cxd7 Rf7 27.Qa4 Qd8 28.Bg4 f5 29.exf5 gxf5
30.Bh5 Rxd7 31.Bd1  1/2-1/2

[Event "Eupen op"]
[Site "Eupen"]
[Date "1996.??.??"]
[Round "?"]
[White "Lobron, Eric"]
[Black "Ahn, Martin"]
[Result "1-0"]
[WhiteElo "2590"]
[BlackElo "2325"]

1.d4 Nf6 2.Nf3 g6 3.c4 Bg7 4.Nc3 O-O 5.e4 d6 6.Be2 e5 7.O-O Nc6 8.d5 Ne7
9.b4 Nh5 10.Re1 Nf4 11.Bf1 a5 12.bxa5 Rxa5 13.Nd2 f5 14.a4 Kh8 15.g3 Nh5
16.Nb3 Ra8 17.a5 f4 18.Ra2 Ng8 19.c5 Ngf6 20.cxd6 cxd6 21.Na4 fxg3 22.fxg3 Bg4
23.Qd3 Ng8 24.Nb6 Rb8 25.Bg2 Bh6 26.Ba3 Qe7 27.Rc2 Rbd8 28.Nd2 Bxd2 29.Qxd2 Bf3
30.Rf1 Bxg2 31.Rxf8 Rxf8 32.Kxg2 Qf6 33.Qe2 Nh6 34.Nd7 Qg5 35.Bc1 Nf4+ 36.Kh1 Nxe2
37.Bxg5 Rf1+ 38.Kg2  1-0

[Event "FIN-chT 9596"]
[Site "FIN"]
[Date "1996.??.??"]
[Round "1"]
[White "Nippula, Timo"]
[Black "Natri, Antero"]
[Result "0-1"]
[WhiteElo "2275"]
[BlackElo "2215"]

1.c4 g6 2.Nc3 Bg7 3.d4 Nf6 4.e4 O-O 5.Be2 d6 6.Nf3 e5 7.O-O Nc6 8.d5 Ne7
9.Nd2 Nd7 10.b4 f5 11.f3 f4 12.Ba3 a5 13.Nb3 axb4 14.Bxb4 b6 15.a4 Nf6 16.a5 bxa5
17.Bxa5 Ne8 18.c5 dxc5 19.Nb5 Rf6 20.d6 Rxa5 21.dxe7 Qxd1 22.Raxd1 Ra2 23.Nc3 Rc2
24.Rd8 Kf7 25.Nd5 Rxe2 26.Nxf6 Bxf6 27.Rxc8 c4 28.Nc1 Rc2 29.Ra8 Bxe7 30.Ra2 Bc5+
31.Kh1 Rc3 32.Ne2 Rd3 33.Rc2 Nd6 34.g3 g5 35.Kg2 Bb6 36.h4 h6 37.hxg5 hxg5
38.Kh3 Kg6 39.Kg4 fxg3 40.Nxg3 Be3 41.Nf5 Bf4 42.Rh1 c3 43.Rh6+ Kf7 44.Rh7+ Kf6
45.Nxd6 cxd6 46.Rc7 Rd1 47.R7xc3 Rh1  0-1

[Event "FIN-chT 9596"]
[Site "FIN"]
[Date "1996.??.??"]
[Round "2"]
[White "Salo, Heikki"]
[Black "Houtsonen, Pedri"]
[Result "1-0"]
[WhiteElo "2255"]
[BlackElo "2125"]

1.d4 Nf6 2.c4 g6 3.Nc3 Bg7 4.e4 d6 5.Be2 O-O 6.Nf3 e5 7.O-O Nc6 8.d5 Ne7
9.Nd2 c6 10.b4 a5 11.bxa5 Qxa5 12.Qc2 c5 13.Nb3 Qd8 14.a4 Ne8 15.a5 Nc7 16.Rd1 Na6
17.Na4 Kh8 18.Be3 Ng8 19.Naxc5 dxc5 20.Nxc5 Nxc5 21.Bxc5 Rxa5 22.Bxf8 Bxf8
23.Rxa5 Qxa5 24.d6 Nf6 25.c5 Nd7 26.c6 bxc6 27.Qxc6 Qc5 28.Rc1 Qxc6 29.Rxc6 Bb7
30.Rc7 Nc5 31.d7 Be7 32.Rxc5  1-0

[Event "FIN-chT 9697"]
[Site "FIN"]
[Date "1996.??.??"]
[Round "2.5"]
[White "Mertanen, Janne"]
[Black "Hartikainen, Markku"]
[Result "0-1"]
[WhiteElo "2205"]
[BlackElo "2290"]

1.d4 Nf6 2.c4 g6 3.Nc3 Bg7 4.e4 O-O 5.Nf3 d6 6.Be2 e5 7.O-O Nc6 8.Be3 Ng4
9.Bg5 f6 10.Bh4 h5 11.h3 Nh6 12.dxe5 dxe5 13.c5 Be6 14.Qa4 Qe8 15.Nd5 Nd4
16.Qd1 Bxd5 17.Nxd4 exd4 18.exd5 Nf5 19.Bg3 Nxg3 20.fxg3 Bh6 21.Bc4 Kg7 22.Kh1 Be3
23.Qf3 Qe5 24.b4 f5 25.Rae1 Kh6 26.Bd3 Rf7 27.Be2 Kg7 28.Bd1 Rh8 29.Bb3 Rf6
30.d6 c6 31.Qe2 Rff8 32.Rf3 Re8 33.Qd3 Kh6 34.d7 Rd8 35.Rfxe3 dxe3 36.Rxe3 Rxd7
37.Qxd7 Qxe3 38.Qxb7 Re8 39.Qf7 h4  0-1

[Event "FIN-chT 9697"]
[Site "FIN"]
[Date "1996.??.??"]
[Round "5.6"]
[White "Salo, Heikki"]
[Black "Hartikainen, Markku"]
[Result "1-0"]
[WhiteElo "2255"]
[BlackElo "2290"]

1.d4 Nf6 2.c4 g6 3.Nc3 Bg7 4.e4 O-O 5.Be2 d6 6.Nf3 e5 7.O-O Nc6 8.d5 Ne7
9.Nd2 a5 10.Rb1 Ne8 11.a3 f5 12.b4 axb4 13.axb4 Kh8 14.f3 Ng8 15.c5 Ngf6
16.Nc4 Nh5 17.g3 f4 18.g4 Nhf6 19.Rf2 Nd7 20.c6 bxc6 21.dxc6 Ndf6 22.b5 Be6
23.Bb2 Rb8 24.Ba3 Ng8 25.Bf1 h5 26.gxh5 gxh5 27.Rd2 Ne7 28.Kh1 Nc8 29.Nd5 Bxd5
30.Rxd5 Nb6 31.Nxb6 Rxb6 32.Bc5 Rb8 33.b6 cxb6 34.Bxd6 Nxd6 35.Rxd6 Qc7 36.Qd5 Rfd8
37.Rd7 Rxd7 38.cxd7 Rd8 39.Bh3 Rf8 40.Rd1 Bf6 41.Qe6 Qd8 42.Qf5 Qe7 43.Rc1 h4
44.Qh5+ Qh7 45.Qe8 Qg8 46.Rc8 Kg7 47.Bf5 Qf7 48.Be6 Qe7 49.d8=Q Bg5  1-0

[Event "FIN-chT 9596"]
[Site "FIN"]
[Date "1996.??.??"]
[Round "7"]
[White "Veingold, Aleksandr"]
[Black "Maki, Veijo"]
[Result "1/2-1/2"]
[WhiteElo "2425"]
[BlackElo "2420"]

1.d4 g6 2.c4 Bg7 3.e4 d6 4.Nc3 Nf6 5.Nf3 O-O 6.Be2 e5 7.O-O Nc6 8.d5 Ne7
9.b4 a5 10.Ba3 axb4 11.Bxb4 b6 12.a4 Ne8 13.Nb5 f5 14.Nd2 Kh8 15.Bf3 Ng8
16.a5 bxa5 17.Rxa5 Rxa5 18.Bxa5 Ngf6 19.Qc2 Bd7 20.Rb1 Qa8 21.Bxc7 Nxc7 22.Nxc7 Qc8
23.Nb5 Qc5 24.Nb3 Qb6 25.Nc3 Rc8 26.c5 dxc5 27.Nd2 Qa6 28.Be2 c4 29.Nxc4 Nxe4
30.Nxe4 fxe4 31.Ne3 Qa7 32.Qxe4 Qd4 33.Bf3 Bf8 34.Rd1 Qxe4 35.Bxe4 Bc5 36.Rc1 Kg7
37.h3 Bxe3 38.Rxc8 Bxf2+ 39.Kxf2 Bxc8 40.Ke3 Kf6 41.h4  1/2-1/2

[Event "Finkenstein op"]
[Site "Finkenstein"]
[Date "1996.??.??"]
[Round "7"]
[White "Mammen, Heino"]
[Black "Buck, Lars"]
[Result "0-1"]
[WhiteElo "1920"]
[BlackElo "2190"]

1.d4 Nf6 2.c4 g6 3.Nc3 Bg7 4.e4 d6 5.Be2 O-O 6.Nf3 e5 7.O-O Nc6 8.d5 Ne7
9.b4 Nh5 10.c5 Nf4 11.Bxf4 exf4 12.Rc1 h6 13.cxd6 cxd6 14.Nb5 g5 15.Nfd4 Ng6
16.a4 Qf6 17.Nc7 Rb8 18.Ndb5 a6 19.Na7 Bd7 20.b5 Qd4 21.Qxd4 Bxd4 22.Nc6 bxc6
23.dxc6 Bc8 24.Rfd1 Bb6 25.Nxa6 Bxa6 26.bxa6 Bc5 27.Bg4 Ne5 28.c7 Nxg4 29.cxb8=Q Rxb8
30.Rb1 Ra8 31.Rd2 Rxa6 32.Ra1 Kg7 33.h3 Ne5 34.Kf1 Kf6 35.Raa2 Ra5 36.Rdb2 Nc4
37.Rb5 Rxb5 38.axb5 Ke5 39.Ra8 Kxe4 40.Rh8 d5  0-1

[Event "FRA-ch"]
[Site "France"]
[Date "1996.??.??"]
[Round "4"]
[White "Hauchard, Arnaud"]
[Black "Touzane, Olivier"]
[Result "1-0"]
[WhiteElo "2500"]
[BlackElo "2495"]

1.d4 Nf6 2.c4 g6 3.Nc3 Bg7 4.e4 d6 5.Be2 O-O 6.Nf3 e5 7.O-O Nc6 8.d5 Ne7
9.b4 Nh5 10.Re1 Nf4 11.Bf1 h6 12.c5 g5 13.Nd2 f5 14.cxd6 cxd6 15.Nc4 Kh7
16.b5 Rf6 17.Ba3 g4 18.b6 a6 19.Qb3 Rg6 20.Rac1 fxe4 21.Nxe4 Nf5 22.Ne3 Nd4
23.Qb1 Kh8 24.Rc7 Bf8 25.Kh1 Bd7 26.Rxb7 Bb5 27.Qc1 Bxf1 28.Qc7 Rg7 29.Qxd8 Rxd8
30.Rxg7 Bxg2+ 31.Nxg2 Nxg2 32.Rc7 Nxe1 33.b7  1-0

[Event "Eikrem mem"]
[Site "Gausdal"]
[Date "1996.??.??"]
[Round "1"]
[White "Nielsen, Peter Heine"]
[Black "Harestad, Hans Krogh"]
[Result "1-0"]
[WhiteElo "2530"]
[BlackElo "2175"]

1.d4 Nf6 2.Nf3 g6 3.c4 Bg7 4.Nc3 O-O 5.e4 d6 6.Be2 e5 7.O-O Nc6 8.d5 Ne7
9.Ne1 Nd7 10.Be3 f5 11.f3 f4 12.Bf2 g5 13.a4 a5 14.Nd3 b6 15.Nb5 Nf6 16.b4 axb4
17.Nxb4 g4 18.Bh4 g3 19.h3 Ng6 20.Nc6 Qd7 21.Bxf6 Rxf6 22.Nba7 Ne7 23.a5 bxa5
24.Rxa5 Nxc6 25.dxc6 Qe8 26.Qd2 Be6 27.Rfa1 Rf8 28.Rb1 Qf7 29.Rb7 Bf6 30.Nb5 Qh5
31.Rba7 Rxa7 32.Rxa7 Qe8 33.Rxc7 Bd8 34.Qxd6 Bxc7 35.Nxc7 Qc8 36.Nxe6 Rf6
37.Qd7  1-0

[Event "Eikrem mem"]
[Site "Gausdal"]
[Date "1996.??.??"]
[Round "2"]
[White "Hillarp Persson, Tiger"]
[Black "Hjartarson, Johann"]
[Result "1-0"]
[WhiteElo "2400"]
[BlackElo "2565"]

1.d4 Nf6 2.c4 g6 3.Nc3 Bg7 4.e4 d6 5.Be2 O-O 6.Nf3 e5 7.O-O Nc6 8.d5 Ne7
9.Ne1 Ne8 10.f4 exf4 11.Bxf4 f5 12.Qd2 Nf6 13.exf5 Nxf5 14.Nc2 h5 15.Bg5 Rf7
16.Bd3 Qf8 17.h3 c5 18.Rf3 Nd7 19.Bxf5 Rxf5 20.Rxf5 gxf5 21.Rf1 Ne5 22.Ne3 Qf7
23.Ne2 Qg6 24.h4 Ng4 25.Nf4 Qf7 26.Nxg4 hxg4 27.Re1 Be5 28.Rxe5 dxe5 29.Nd3 e4
30.Ne5 Qg7 31.Qf4 a5 32.Bh6 Qe7 33.d6 Qxh4 34.Bg5 Qh7 35.Bf6 Kf8 36.Qg5 Be6
37.Be7+ Ke8 38.Qf6 Qg8 39.d7+ Bxd7 40.Bd6  1-0

[Event "Eikrem mem"]
[Site "Gausdal"]
[Date "1996.??.??"]
[Round "2"]
[White "Har Zvi, Ronen"]
[Black "Gabrielsen, Stig"]
[Result "1-0"]
[WhiteElo "2495"]
[BlackElo "2225"]

1.Nf3 g6 2.d4 Bg7 3.c4 d6 4.Nc3 Nf6 5.e4 O-O 6.Be2 e5 7.O-O Nc6 8.d5 Ne7
9.b4 Nh5 10.Re1 f5 11.Ng5 Nf6 12.f3 Kh8 13.Be3 Neg8 14.c5 Bh6 15.exf5 Bxf5
16.Qd2 a5 17.a3 Nh5 18.g3 Qe7 19.cxd6 cxd6 20.bxa5 Rxa5 21.Nb5 Raa8 22.Rac1 Rac8
23.Rxc8 Rxc8 24.Nxd6 Bxg5 25.Nxc8 Bxe3+ 26.Qxe3 Bxc8 27.f4 Nhf6 28.d6 Qxd6
29.fxe5 Qe6 30.Qd4 Qd5 31.Qc3 Ne4 32.Qxc8 Qd4+ 33.Kh1 Qxe5 34.Bc4 Nxg3+ 35.Kg2  1-0

[Event "Eikrem mem"]
[Site "Gausdal"]
[Date "1996.??.??"]
[Round "3"]
[White "Tisdall, Jonathan D"]
[Black "Hillarp Persson, Tiger"]
[Result "1-0"]
[WhiteElo "2515"]
[BlackElo "2400"]

1.d4 g6 2.e4 Bg7 3.c4 d6 4.Nc3 Nf6 5.Nf3 O-O 6.Be2 e5 7.O-O Nc6 8.d5 Ne7
9.b4 a5 10.Ba3 Nh5 11.c5 axb4 12.Bxb4 Nf4 13.Bc4 Bg4 14.Nb5 Nc8 15.Qb3 dxc5
16.Bxc5 Nd6 17.Nxd6 cxd6 18.Bb6 Qe7 19.Rfe1 f5 20.Bf1 fxe4 21.Nd2 h6 22.Nxe4 Kh7
23.a4 Bf5 24.a5 Bxe4 25.Rxe4 Qf7 26.Rd1 Bf6 27.g3 Nh5 28.Bh3 Bd8 29.Rf1 Bxb6
30.axb6 Rae8 31.Rc4 Re7 32.Be6 Qf6 33.Qb4 Ng7 34.Qxd6 Nxe6 35.dxe6 Rxe6 36.Rc7+ Rf7
37.Qd5 Ree7 38.Qxb7 e4 39.Rxe7 Rxe7 40.Qb8 Rf7 41.Qf4 Qe6 42.Qe3 Rb7 43.Rb1 Qc6
44.h4 h5 45.Qd4 Qe6 46.Qc5 Kh6 47.Kh2 Kh7 48.Rb5 Qf6 49.Rb4 Kh6 50.Kg1 Qa1+
51.Kg2 Qf6 52.Rb3 Qe6 53.Rb5 Kh7 54.Kg1 Qf6 55.Qe3 Qd6 56.Qxe4  1-0

[Event "Troll Masters"]
[Site "Gausdal"]
[Date "1996.??.??"]
[Round "4"]
[White "Gausel, Einar"]
[Black "Harestad, Hans Krogh"]
[Result "1-0"]
[WhiteElo "2515"]
[BlackElo "2145"]

1.Nf3 Nf6 2.c4 g6 3.Nc3 Bg7 4.e4 d6 5.d4 O-O 6.Be2 e5 7.O-O Nc6 8.d5 Ne7
9.Bg5 Nh5 10.Ne1 Nf4 11.Nd3 Nxe2+ 12.Qxe2 h6 13.Be3 f5 14.f3 g5 15.c5 Ng6
16.Rac1 Rf7 17.cxd6 cxd6 18.exf5 Nf4 19.Qd2 Bxf5 20.Nf2 Qa5 21.Nfe4 Bxe4
22.fxe4 Bf6 23.g3 Ng6 24.Qe2 a6 25.Qg4 Qd8 26.Rf2 Kg7 27.Rcf1 Qc8 28.Qe6 Qd8
29.Na4 Nf8 30.Qf5 Qd7 31.Nb6 Qxf5 32.Rxf5 Rd8 33.a4 Nd7 34.Nc4 Nb8 35.a5 Rff8
36.Bb6 Rd7 37.Ba7 Rdd8 38.Bxb8 Rxb8 39.Nxd6 b6 40.axb6 Rxb6 41.Rxf6  1-0

[Event "Gausdal Masters"]
[Site "Gausdal"]
[Date "1996.??.??"]
[Round "5"]
[White "Ostenstad, Berge"]
[Black "Djurhuus, Rune"]
[Result "0-1"]
[WhiteElo "2470"]
[BlackElo "2505"]

1.d4 Nf6 2.Nf3 g6 3.c4 Bg7 4.Nc3 O-O 5.e4 d6 6.Be2 e5 7.O-O Nc6 8.d5 Ne7
9.Nd2 a5 10.Rb1 Bd7 11.a3 a4 12.b4 axb3 13.Nxb3 b6 14.Ra1 Qe8 15.Qc2 Nh5
16.Nb5 Qc8 17.Rd1 f5 18.f3 Kh8 19.Bb2 Nf4 20.Bf1 fxe4 21.fxe4 Ng8 22.a4 Nf6
23.Re1 Rf7 24.Qc3 Bxb5 25.cxb5 Qg4 26.Nd2 Bh6 27.Nc4 Qd7 28.a5 bxa5 29.Nxa5 Raf8
30.Nc6 Qg4 31.Ba3 Nd7 32.Bb4 Nh5 33.Be2 Qg5 34.Bxh5 Qxh5 35.Qd3 Rf2 36.Rf1 Qh4
37.Rxf2 Qxf2+ 38.Kh1 Be3 39.Ba3 h5 40.Nd8 Rxd8  0-1

[Event "Eikrem mem"]
[Site "Gausdal"]
[Date "1996.??.??"]
[Round "6"]
[White "Gausel, Einar"]
[Black "Nordahl, Helge"]
[Result "1-0"]
[WhiteElo "2520"]
[BlackElo "2255"]

1.c4 g6 2.d4 Nf6 3.Nc3 Bg7 4.e4 d6 5.Nf3 O-O 6.Be2 e5 7.O-O Nc6 8.d5 Ne7
9.Bg5 Nh5 10.Ne1 Nf4 11.Nd3 Nxd3 12.Qxd3 f5 13.f3 f4 14.Bh4 h5 15.c5 Bh6
16.Rfc1 g5 17.Be1 a6 18.Na4 g4 19.Qb3 gxf3 20.Bxf3 Bg4 21.cxd6 cxd6 22.Qxb7 Ng6
23.Qb3 Rb8 24.Qd1 Qg5 25.Rc6 Bd7 26.Rxd6 Bxa4 27.Qxa4 Rxb2 28.Qd7 Rxg2+ 29.Bxg2 f3
30.Qe6+ Kh7 31.Qxg6+ Qxg6 32.Rxg6 Be3+ 33.Bf2 Bxf2+ 34.Kxf2 fxg2+ 35.Kxg2 Kxg6
36.Rf1 Rc8 37.Rf5 Rc2+ 38.Kg3 Rxa2 39.Rxe5 a5 40.Re6+ Kf7 41.Ra6 a4 42.Kf4 h4
43.h3 Ra1 44.Ke5 a3 45.Ra7+ Kg6 46.d6 a2 47.d7 Rd1 48.Ke6 Rxd7 49.Kxd7  1-0

[Event "Eikrem mem"]
[Site "Gausdal"]
[Date "1996.??.??"]
[Round "6"]
[White "Hillarp Persson, Tiger"]
[Black "Trygstad, Kristian"]
[Result "1-0"]
[WhiteElo "2400"]
[BlackElo "2145"]

1.d4 g6 2.e4 Bg7 3.c4 d6 4.Nc3 Nf6 5.Be2 O-O 6.Nf3 e5 7.O-O Nc6 8.d5 Ne7
9.Ne1 Nd7 10.Be3 f5 11.f3 f4 12.Bf2 g5 13.a4 Ng6 14.a5 h5 15.Nb5 Nf6 16.Nxa7 g4
17.Nxc8 g3 18.hxg3 fxg3 19.Bxg3 h4 20.Bh2 Nf4 21.Bxf4 exf4 22.e5 dxe5 23.Nd3 Nh5
24.Nf2 Ng3 25.Bd3 Qxc8 26.Re1 Qd8 27.Be4 Bf6 28.b4 Kg7 29.d6 Nxe4 30.Nxe4 cxd6
31.Qxd6 Qxd6 32.Nxd6 Be7 33.Rad1 Kf6 34.c5 Rg8 35.Ne4+ Ke6 36.Nf2 Rad8 37.Nd3 Kf6
38.Nf2 Ke6 39.Kf1 Bf6 40.Rxd8 Rxd8 41.Rd1 Rxd1+ 42.Nxd1 Kd5 43.Nc3+ Kc6 44.Ke2  1-0

[Event "Troll Masters"]
[Site "Gausdal"]
[Date "1996.??.??"]
[Round "8"]
[White "Duncan, Christopher R"]
[Black "Harestad, Hans Krogh"]
[Result "0-1"]
[WhiteElo "2325"]
[BlackElo "2145"]

1.c4 Nf6 2.Nc3 g6 3.e4 d6 4.d4 Bg7 5.Nf3 O-O 6.Be2 e5 7.O-O Nc6 8.d5 Ne7
9.b4 a5 10.bxa5 c5 11.Bd2 h6 12.Ne1 Nd7 13.Na4 f5 14.f3 Ra6 15.Rb1 g5 16.Rb3 f4
17.Nd3 Ng6 18.Nf2 h5 19.Qb1 Bh6 20.Nb6 Nxb6 21.Rxb6 Rxb6 22.Qxb6 Qxb6 23.axb6 Bd7
24.a4 Bxa4 25.Ra1 Bd7 26.Ra7 Rb8 27.Nd3 Ne7 28.g3 Nc8 29.Ra2 Nxb6 30.h4 gxh4
31.gxf4 Nxc4 32.Nxc5 Nxd2 33.Nxd7 Rd8 34.Nxe5 dxe5 35.Rxd2 Bxf4 36.Rc2 h3
37.Bf1 h2+ 38.Kh1 Ra8 39.d6 Ra1 40.Rf2 Kf7 41.Kg2 Ke6 42.Bc4+ Kxd6 43.Rf1 Rxf1
44.Bxf1 Kc5  0-1